Klouzavé průměry (jednoduchý, vážený, exponenciální)

Kĺzavý priemer ako jeden z najobľúbenejších nástrojov obchodníkov. Charakteristika jednoduchého, váženého a exponenciálneho kĺzavého priemeru.

Na minha lista:
Detalhes bibliográficos
Autor principal: Badura, Peter, 1978-
Formato: Capítulo de Livro
Idioma:tcheco
Assuntos:
Tags: Adicionar Tag
Sem tags, seja o primeiro a adicionar uma tag!

MARC

LEADER 00000nla a2200000 4500
001 0199786
005 20240502083507.7
041 0 |a cze 
044 |a CZ 
245 1 0 |a Klouzavé průměry (jednoduchý, vážený, exponenciální)  |c Peter Badura 
520 |a Kĺzavý priemer ako jeden z najobľúbenejších nástrojov obchodníkov. Charakteristika jednoduchého, váženého a exponenciálneho kĺzavého priemeru. 
610 2 0 |a trh devízový 
610 2 0 |a ceny 
610 2 0 |a mena 
610 2 0 |a obchod 
610 2 0 |a obchodníci 
100 1 |a Badura, Peter, 1978-